<?xml version="1.0" encoding="UTF-8"?><?xml-stylesheet type="text/xsl" href="static/style.xsl"?><OAI-PMH xmlns="http://www.openarchives.org/OAI/2.0/" xmlns:xsi="http://www.w3.org/2001/XMLSchema-instance" xsi:schemaLocation="http://www.openarchives.org/OAI/2.0/ http://www.openarchives.org/OAI/2.0/OAI-PMH.xsd"><responseDate>2026-04-17T20:23:09Z</responseDate><request verb="GetRecord" identifier="oai:www.recercat.cat:2072/487138" metadataPrefix="marc">https://recercat.cat/oai/request</request><GetRecord><record><header><identifier>oai:recercat.cat:2072/487138</identifier><datestamp>2025-11-07T13:49:02Z</datestamp><setSpec>com_2072_98</setSpec><setSpec>col_2072_378192</setSpec></header><metadata><record xmlns="http://www.loc.gov/MARC21/slim" xmlns:dcterms="http://purl.org/dc/terms/" xmlns:xsi="http://www.w3.org/2001/XMLSchema-instance" xmlns:doc="http://www.lyncode.com/xoai" xsi:schemaLocation="http://www.loc.gov/MARC21/slim http://www.loc.gov/standards/marcxml/schema/MARC21slim.xsd">
   <leader>00925njm 22002777a 4500</leader>
   <datafield ind2=" " ind1=" " tag="042">
      <subfield code="a">dc</subfield>
   </datafield>
   <datafield ind2=" " ind1=" " tag="720">
      <subfield code="a">Klier, Ney</subfield>
      <subfield code="e">author</subfield>
   </datafield>
   <datafield ind2=" " ind1=" " tag="720">
      <subfield code="a">Winograd, Monah</subfield>
      <subfield code="e">author</subfield>
   </datafield>
   <datafield ind2=" " ind1=" " tag="260">
      <subfield code="c">2025</subfield>
   </datafield>
   <datafield ind2=" " ind1=" " tag="520">
      <subfield code="a">A produção deste artigo está vinculada à pesquisa de pós-doutorado "Entre a dor e o prazer: masoquismo e adicção sexual", de caráter teórico e clínico-qualitativo, realizada na Pontifícia Universidade Católica do Rio de Janeiro (PUC-Rio)</subfield>
   </datafield>
   <datafield ind2=" " ind1=" " tag="520">
      <subfield code="a">No panorama da vida sexual contemporânea, a procura por lubricidade, substâncias estimulantes e perpetuação de experiências hedonistas, em numerosos casos, não fica limitada ao âmbito de um simples exercício do prazer. Frequentemente resulta em uma sexualidade desenfreada e compulsiva. Este artigo, dedicado ao estudo psicanalítico da adicção sexual, tem por objetivo examinar os aspectos paradoxais de preservação e destruição implicados na ocorrência desse quadro psicopatológico. A partir do exame metapsicológico dos conceitos de masoquismo de vida e masoquismo de morte (Rosenberg) e da apresentação de três vinhetas clínicas, um duplo problema é avaliado: se, por um ângulo, a adicção sexual pode ser compreendida como uma estratégia defensiva diante de situações psíquicas adversas, por outro, a aderência cega aos próprios impulsos conduziria o sex-addict a uma experiência masoquista de caráter mortífero, articulada a um prolongamento mórbido da estimulação sexual.</subfield>
   </datafield>
   <datafield ind2=" " ind1=" " tag="520">
      <subfield code="a">In the panorama of contemporary sexual life, the search for lubricity, stimulating substances, and perpetuation of hedonistic experiences, in many cases, is not limited to the scope of a simple exercise of pleasure. It often results in rampant and compulsive sexuality. The aim of this article, dedicated to the psychoanalytic study of sexual addiction, is to examine the paradoxical aspects of preservation and destruction implicated in the occurrence of this psychopathological condition. From the metapsychological examination of the concepts of life-preserving masochism and deadly masochism (B. Rosenberg) and the presentation of three clinical vignettes, a double problem is evaluated: if, from one perspective, sexual addiction can be understood as a defensive strategy in the face of adverse psychic situations, on the other hand, blind adherence to one's impulses would lead the sex-addict to a masochistic experience of a lethal nature, articulated to a morbid prolongation of sexual stimulation.</subfield>
   </datafield>
   <datafield tag="653" ind2=" " ind1=" ">
      <subfield code="a">Adicção sexual</subfield>
   </datafield>
   <datafield tag="653" ind2=" " ind1=" ">
      <subfield code="a">Masoquismo mortífero</subfield>
   </datafield>
   <datafield tag="653" ind2=" " ind1=" ">
      <subfield code="a">Excitação</subfield>
   </datafield>
   <datafield tag="653" ind2=" " ind1=" ">
      <subfield code="a">Psicanálise</subfield>
   </datafield>
   <datafield tag="653" ind2=" " ind1=" ">
      <subfield code="a">Sexual addiction</subfield>
   </datafield>
   <datafield tag="653" ind2=" " ind1=" ">
      <subfield code="a">Deadly masochism</subfield>
   </datafield>
   <datafield tag="653" ind2=" " ind1=" ">
      <subfield code="a">Excitement</subfield>
   </datafield>
   <datafield tag="653" ind2=" " ind1=" ">
      <subfield code="a">Psychoanalysis</subfield>
   </datafield>
   <datafield ind2="0" ind1="0" tag="245">
      <subfield code="a">A tirania da excitação : adicção sexual e masoquismo mortífero</subfield>
   </datafield>
</record></metadata></record></GetRecord></OAI-PMH>